Místo činu: Písek

Další autoři: Dezortová, Věnceslava, 1944-
Jazyk: Čeština
Vydáno: Písek : J & M, c2009
Edice: Krimi (J & M)
Témata:
Fyzický popis: 173 s. ; 18 cm
Knihy
Uloženo v:
LEADER 01279nam a2200385 a 4500
001 nkc20091929724
003 CZ PrNK
005 20110204084831.0
007 ta
008 090514s2009 xr g 000 j cze
015 |a cnb001929724 
020 |a 978-80-86154-68-8  |q (brož.) 
035 |a (OCoLC)428368681 
040 |a OLA001  |b cze 
072 7 |a 821.162.3-3  |x Česká próza  |2 Konspekt  |9 25 
080 |a 821.162.3-32  |2 MRF 
080 |a (0:82-322.4)  |2 MRF 
245 0 0 |a Místo činu: Písek 
260 |a Písek :  |b J & M,  |c c2009 
300 |a 173 s. ;  |c 18 cm 
490 1 |a Krimi 
500 |a Obálkový podnázev: v hlavní roli město Písek-- 
500 |a Na zadní s. obálky jako autoři uvedeni: Věnceslava Dezortová ... [et al.] 
655 7 |a české povídky  |7 fd133971  |2 czenas 
655 7 |a detektivní povídky  |7 fd132008  |2 czenas 
655 9 |a Czech short stories  |2 eczenas 
655 9 |a detective short stories  |2 eczenas 
700 1 |a Dezortová, Věnceslava,  |d 1944-  |7 xx0019634  |4 aut 
740 0 2 |a V hlavní roli město Písek-- 
830 0 |a Krimi (J & M)  |0 s 
910 2 |a BOA001  |b 1-1224.777 
990 |a BK 
995 |a 01 
991 |b 200907 
996 6 |b 2610380279  |c 1-1224.777  |l MZK  |r Sklad / do 1 hodiny  |n 0  |p p.v.  |w 000939742  |u 000010  |a 1  |e BOA001  |j MZK50  |s P